Acción, pensamiento y lenguaje
Uloženo v:
| Hlavní autor: | |
|---|---|
| Médium: | Kniha |
| Jazyk: | španělština |
| Vydáno: |
Madrid, España:
Alianza,
1984.
|
| Edice: | Alianza Psicología.
|
| Témata: | |
| Tagy: |
Přidat tag
Žádné tagy, Buďte první, kdo vytvoří štítek k tomuto záznamu!
|
MARC
| LEADER | 00000nam a2200000 a 4500 | ||
|---|---|---|---|
| 001 | UCP4666 | ||
| 003 | CL-VaPUC | ||
| 005 | 20231004143459.0 | ||
| 008 | 990806e19840000SP |||||||||||||||||spa|d | ||
| 020 | |a 8420665029 | ||
| 040 | |c Pontificia Universidad Católica de Valparaíso | ||
| 082 | 0 | 4 | |a 153.42 BRU 1984 |2 21 |
| 100 | 0 | |a Bruner, Jerome Seymour |e author |9 343602 | |
| 245 | 1 | 0 | |a Acción, pensamiento y lenguaje |
| 260 | |a Madrid, España: |b Alianza, |c 1984. | ||
| 300 | |a 232 páginas. | ||
| 490 | 0 | |a Alianza Psicología. | |
| 583 | |a last modification |c 19990806 00:00:00 |k Rodrigo Vera | ||
| 650 | 0 | |a Psicología del desarrollo |9 307541 | |
| 650 | 0 | |a Desarrollo cognitivo |9 311398 | |
| 650 | 0 | |a Adquisición del lenguaje |9 309032 | |
| 942 | |c BK |2 ddc | ||
| 945 | |d 19990806 00:00:00 |a vberengu | ||
| 999 | |c 282572 |d 282570 | ||
| 952 | |0 0 |1 0 |4 0 |6 153_420000000000000_BRU_1984 |7 0 |8 A |9 324449 |a FDOPOS |b FDOPOS |d 2019-11-20 |i 1498045 |o 153.42 BRU 1984 |p 1498045 |r 2025-01-22 |w 2019-11-20 |y BK |k MLH | ||
| 952 | |0 0 |1 0 |4 0 |6 153_420000000000000_BRU_1984 |7 0 |8 A |9 324450 |a BIBEDU |b BIBEDU |d 2019-11-20 |i 4594657 |l 2 |o 153.42 BRU 1984 |p 4594657 |r 2023-07-10 |s 2023-07-03 |w 2019-11-20 |y BK |k BME | ||